000 00277nam a2200121Ia 4500
008 190216s9999||||xx |||||||||||||| ||und||
100 _aThomas Browne
245 0 _aReligio Medici
260 _bKitab-Ghar
_c1967
300 _a195p
650 _aEnglish Literature
942 _cBK
999 _c12223
_d12223